El calendario de mi jardincito / (Registro nro. 32432)
[ vista simple ]
| 000 -CABECERA | |
|---|---|
| campo fijo de control de longitud | 01047nam a22003137a 4500 |
| 001 - NÚMERO DE CONTROL | |
| campo de control | 32432 |
| 003 - IDENTIFICADOR DEL NÚMERO DE CONTROL | |
| campo de control | AR-RoBPED |
| 005 - FECHA Y HORADE LA ULTIMA TRANSACCION | |
| campo de control | 20260317120802.0 |
| 008 - ELEMENTOS DE LONGITUD FIJA--INFORMACION GENERAL | |
| campo fijo de control de longitud | 260317s1988 ag a|||ar|||| 001 0dspa d |
| 020 ## - ISBN | |
| ISBN | 9509911169 |
| 040 ## - FUENTE CATALOGADORA | |
| Centro catalogador/agencia de origen | AR-RoBPED |
| 041 ## - IDIOMA | |
| Código de idioma para texto/pista de sonido o título independiente | spa |
| 100 1# - ENCABEZAMIENTO PRINCIPAL--AUTOR PERSONAL | |
| Nombre de persona | Ludueña, Mirta |
| 9 (RLIN) | 1667 |
| 245 13 - TITULO | |
| Título | El calendario de mi jardincito / |
| Mención de responsabilidad | Mirta Ludueña ; Adriana Montobbio. |
| 260 ## - PUBLICACION | |
| Lugar | Buenos Aires : |
| Editor | EDA, |
| Fecha | 1988. |
| 300 ## - DESCRIPCION FISICA | |
| Extensión | 299 p. : |
| Otros detalles físicos | il. |
| 500 ## - NOTA GENERAL | |
| Nota general | Efemérides para:<br/>- 25 de mayo<br/>- 20 de junio<br/>- 9 de julio<br/>- 17 de agosto<br/>- 11 de septiembre<br/>- 21 de septiembre<br/>- 12 de octubre<br/>- Fiesta de fin de año |
| 650 #4 - TERMINO DE MATERIA--CONTROLADO | |
| Término controlado | NIVEL INICIAL |
| 9 (RLIN) | 1213 |
| Término controlado | EFEMERIDES |
| 9 (RLIN) | 1365 |
| Término controlado | CALENDARIOS ESCOLARES |
| 9 (RLIN) | 1034 |
| Término controlado | ACTOS ESCOLARES |
| 9 (RLIN) | 4472 |
| Término controlado | TEATRO |
| 9 (RLIN) | 241 |
| Término controlado | TITERES |
| 9 (RLIN) | 841 |
| Término controlado | JUEGOS |
| 9 (RLIN) | 19373 |
| Término controlado | RIMAS |
| 9 (RLIN) | 16816 |
| 700 1# - ENCABEZAMIENTO SECUNDARIO--AUTOR PERSONAL | |
| Nombre de persona | Montobbio, Adriana |
| 9 (RLIN) | 1668 |
| 942 ## - ELEMENTOS KOHA | |
| Fuente de clasificación | Universal Decimal Classification |
| Número Koha | K. 32432 |
| Koha tipo de ítem | Libro |
| Clasificación | 372.3 |
| Pre signatura | BM |
| Signatura librística | L 93 |
| Inventario | Inv. 42307 |
| 945 ## - PROCESAMIENTO DE LA INFORMACIÓN LOCAL | |
| Catalogador y fecha | nn 17/03/2026 - cd 17/03/2026 |
| Estado retirado | Estado perdido | Fuente de clasificación | Estado dañado | No se presta | Biblioteca propietaria | Biblioteca de reserva | Fecha de adquisición | Procedencia | Total de préstamos | Signatura topográfica completa | Código de barras (nº de inventario) | Fecha visto por última vez | Catalogador y fecha | Tipo de ítem Koha | Nota pública |
|---|---|---|---|---|---|---|---|---|---|---|---|---|---|---|---|
| Universal Decimal Classification | Biblioteca Pedagógica Eudoro Díaz | Biblioteca Pedagógica Eudoro Díaz | 16/03/2026 | donación | BM 372.3 L 93 | 42307 | 17/03/2026 | nn 17/03/2026 | Libro | Se presta 15 días |